| 000 | 01158nam a2200265Ia 4500 | ||
|---|---|---|---|
| 999 |
_c49590 _d49590 |
||
| 001 | 16522 | ||
| 003 | GE_BSU | ||
| 005 | 20250121164400.0 | ||
| 008 | 181216s2015||||ge |||||||||||||| ||geo|| | ||
| 020 | _a9789941233869 | ||
| 040 | _cGE_BSU | ||
| 041 | _ageo | ||
| 080 | _a82-93 დ-39 | ||
| 100 |
_aდეფო, დანიელ _924083 |
||
| 245 |
_aრობინზონ კრუზო ბავშვებისათვის / _cინგლ. თარგმნ. ვ. ჭელიძემ ; რედ. ნ. ილაშვილი ; ილ. ნათია კვარაცხელია. |
||
| 264 |
_aთბილისი : _bბაკურ სულაკაურის გამ-ბა, _c2015. |
||
| 300 |
_a268 გვ. ; _c22 სმ. |
||
| 541 | _h8ლ. | ||
| 653 | _aმოთხრობა | ||
| 653 | _aრობინზონ კრუზო | ||
| 700 |
_aჭელიძე, ვ. _eმთარგმნელი _924084 |
||
| 700 |
_aილაშვილი, ნ. _eრედაქტორი _912374 |
||
| 700 |
_aკვარაცხელია, ნ. _eილუსტრაცია _924085 |
||
| 942 |
_cBK _2udc |
||